Statistiques concernant Qui est le plus âgé ?

Cliquez ici pour prendre le quiz!

Statistiques générales

  • Ce quiz a été pris 164 fois
  • Le résultat moyen est 17 sur 50

Statistiques - réponses

QuestionRéponse% Correct
Bigflo & OliBigflo
71%
Tennismen du "Big Four"Roger Federer
67%
Membres de la famille Simpson dans la série "Les Simpson"Homer Simpson
64%
Rick et Morty dans la série éponymeRick
63%
Bonnie & ClydeClyde Barrow
61%
Présidents américains nommés RooseveltTheodore Roosevelt
57%
Sœurs WilliamsVenus
57%
Ballons d'or masculins des années 2010Cristiano Ronaldo
51%
Membres de la communauté de l'anneau dans "Le Seigneur des Anneaux"Gandalf
50%
Fils du footballeur Zinédine ZidaneEnzo Zidane
49%
Casseurs FlowtersGringe
48%
Frères Dalton dans "Lucky Luke"Joe Dalton
47%
Candidats au deuxième tour de l'élection présidentielle de 2012François Hollande
46%
Kad et OOlivier Baroux
46%
Trois grands philosophes grecs de l'AntiquitéSocrate
46%
Créateurs de la bande dessinée AstérixRené Goscinny
45%
Les Vieilles CanaillesEddy Mitchell
44%
Filles adoptées de Gru dans "Moi, moche et méchant"Margo
44%
6 entraîneurs emblématiques des équipes de France de 3 sports collectifs dans les années 2010Claude Onesta (Handball masculin entre 2001 et 2016)
43%
Éric et RamzyÉric Judor
43%
3 dictateurs du XXème siècleJoseph Staline
43%
2 paires d'homonymes de noms de famille avec 2 paires d'homonymes de prénoms entre ellesGustave Courbet
42%
Équipe de France championne du monde 2018Steve Mandanda
38%
Fils d'Adam et Ève dans la BibleCaïn
35%
5 membres du "Club des 27"Jimi Hendrix
35%
Premiers membres des EnfoirésYves Montand
35%
Big Three des San Antonio Spurs (trio ayant remporté le plus de rencontres en playoffs de la NBA)Timothy "Tim" Duncan
33%
Héros de la saga "Harry Potter"Hermione Granger
32%
Héroïnes de la série "Desperate Housewives"Bree Van de Kamp
27%
6 écrivains désignant par périphrase leur langue maternelleDurante degli Alighieri, dit "Dante"
27%
Enfants Weasley dans la saga "Harry Potter"William "Bill" Weasley
26%
Le Club des cinq dans la série de romans éponymeFrançois Gauthier
25%
Les "5 dieux" de Super Smash Bros MeleeJason "Mew2King" Zimmerman
23%
Les InconnusBernard Campan
22%
Les NulsChantal Lauby
22%
Hérissons dans les jeux SonicShadow the Hedgehog
22%
Six papesTélesphore
22%
QueenFarrokh "Freddie Mercury" Bulsara
21%
5 personnages de Star Wars dans la généalogie de Dark VadorShmi Skywalker
21%
The BeatlesRichard "Ringo Starr" Starkey
20%
4 premiers présidents américains du XXIème siècleDonald Trump
19%
Jackson FiveSigmund "Jackie" Jackson
16%
Assassins de personnes célèbresJohn Booth
15%
4 grandes figures de la Révolution FrançaiseJean-Paul Marat
14%
Membres de la troupe du SplendidJosiane Balasko
14%
5 personnages du manga Death NoteL Lawliet
13%
IAMPascal "Imhotep" Perez
13%
6 chanteurs se prénommant MichelMichel Fugain
12%
6 ingénieurs et industriels fondateurs d'une marque automobile de luxeFerdinand Porsche
11%
Bande d'amis dans le manga "Détective Conan"Ai Haibara
6%

Distribution des résultats

Percentile par nombre de réponses

% des personnes avec chaque résultat

Votre développement - résultats

Vous n’avez pas pris ce quiz